000 00458nam a2200181Ia 4500
003 GCL
008 140319s9999 xx 000 0 eng d
040 _aGCL /
_cGCL
082 0 4 _a843
_bM P
100 1 _aMARCEL, PROUST
245 1 0 _aLES PLAISIRS ET LES JOURS /
_cMARCEL, PROUST
260 _a[S.N] :
_bGALLIMARD ،
_c1993
300 _a258 P
490 _aCOLLECTION FOLIO
_v0
650 0 4 _aLITERATURE
650 0 4 _aFRENCH LITERATURE
942 _2ddc
_cBK
999 _c23260
_d23260